Music Quiz

Random Music or Singers Quiz

Name the song Quiz Stats

 Plays Quiz not verified by Sporcle

Score 0/17 Timer 02:00
0 Plays Today
Lyrics Song % Correct
Just a small town girl, living in lonely worldDont stop believin'
76.7%
When is the moment we are needed the mostBad day
73.3%
You would not believe your eyesFireflies
70%
Well you done done me, and you bet I felt itI'm Yours
66.7%
I wanna be a billionaireBillionaire
60%
Gotta get get , Gotta get getBoom Boom Pow
53.3%
Oh, Oh, starry eyedStarry Eyed
26.7%
I want to talk to youGrace Kelly
26.7%
She says shes not goodDance, Dance
16.7%
Lyrics Song % Correct
The days were long, and the nights so coldNew York
13.3%
I'm lookin in the mirror I thinkin I like what I seeBoys and Girls
13.3%
I wish I could sleepSaturday
6.7%
I got a lot to say to youCrushcrushcrush
6.7%
take me when I'm aliveMake me wanna die
6.7%
You've got a lot to sayStay With Me
3.3%
Well people dont see what I seeLove is blind
0%
Say what you want i believe itPart time lover
0%

You're not logged in!

Compare scores with friends on all Sporcle quizzes.
OR
Log In

Show Comments

Extras

Created Oct 17, 2010ReportNominate
Tags:Singers Quiz, Song Quiz

Top Quizzes Today


Score Distribution

Your Account Isn't Verified!

In order to create a playlist on Sporcle, you need to verify the email address you used during registration. Go to your Sporcle Settings to finish the process.

Report this User

Report this user for behavior that violates our Community Guidelines.

Details: